000 00368 a2200169 4500
001 184489
020 _a85-250-3347-2
040 _cMagnum
100 _aHuxley, Aldous
240 1 0 _aAdmirável mundo novo
_lpor
245 1 0 _aAdmirável mundo novo
300 _a317
362 0 _a2003
440 1 _aGlobo
697 _aLITERATURA GERAL ESTRANGEIRA
942 _cBK
999 _c184489
_d184489